Sports Quiz

Random Sports or Baseball Quiz

Greatest WAR by Topps Card # (51-100) Quiz Stats

 Plays Quiz not verified by Sporcle

Score 0/100 Timer 20:00
0 Plays Today
% Correct
Randy Johnson
100%
2000
92.6%
Edgar Martinez
87.5%
Pedro Martinez
86%
1995
84.6%
2000
83.1%
Randy Johnson
82.4%
Tom Glavine
81.6%
Willie Mays
81.6%
2001
80.9%
1954
80.1%
Frank Thomas
79.4%
1991
79.4%
Mickey Mantle
78.7%
Bob Gibson
78.7%
1957
77.9%
Jorge Posada
77.2%
2000
77.2%
1991
77.2%
Craig Biggio
77.2%
1968
77.2%
Ron Santo
75.7%
1997
75.7%
Roy Oswalt
75%
1967
75%
2002
75%
Bert Blyleven
74.3%
2000
73.5%
Carlos Delgado
73.5%
2000
73.5%
1974
73.5%
2001
72.8%
1974
70.6%
2000
70.6%
% Correct
2000
69.9%
2016
69.9%
1952
68.4%
2007
68.4%
Troy Glaus
68.4%
1998
67.6%
1964
67.6%
1972
66.9%
Mookie Betts
66.9%
2016
66.2%
Eric Chavez
66.2%
Fergie Jenkins
66.2%
Boog Powell (tied with Edgar Martinez 2000)
66.2%
1984
66.2%
2009
65.4%
1982
64.7%
David Justice (Indians and Yankees)
64.7%
1979
64.7%
2014
64.7%
1975
64%
1966
64%
1977
63.2%
1976
62.5%
1993
62.5%
1953
62.5%
Mike Lowell
62.5%
1971
62.5%
2013
61.8%
Greg Vaughn
60.3%
1964
59.6%
Robin Roberts
58.8%
1958
58.1%
1964
58.1%
1964
57.4%
% Correct
1952
57.4%
1966
55.1%
Corey Kluber
54.4%
Kyle Seager
54.4%
Dick ('Richie' on card) Allen
54.4%
Cesar Cedeno
53.7%
Brian Giles
52.9%
1965
52.2%
Mark Belanger
51.5%
Mark Belanger
50.7%
1992
50.7%
1953
50.7%
1963
50%
Lloyd Moseby
50%
Mario Soto
49.3%
Kevin Appier
46.3%
Brian Downing
45.6%
Red ('Al' on card) Schoendienst
45.6%
Jim Fregosi
43.4%
Willie Davis
40.4%
Red ('Al' on card) Schoendienst
40.4%
Chet Lemon
39.7%
Ron LeFlore
36%
Gerardo Parra
35.3%
Steve Finley
30.9%
Marco Scutaro
24.3%
Jim Lefebvre
17.6%
Virgil Trucks (Browns and White Sox)
16.2%
Don Buford
15.4%
Denis Menke
14%
Ron Hansen (with White Sox)
11%
Norm Siebern
5.1%

You're not logged in!

Compare scores with friends on all Sporcle quizzes.
OR
Log In

Sporcle TV

Today on Sporcle TV


Watch our educational content, quiz creation guides, and fun videos on Sporcle TV.

Show Comments

Extras

Top Quizzes Today


Score Distribution

Your Account Isn't Verified!

In order to create a playlist on Sporcle, you need to verify the email address you used during registration. Go to your Sporcle Settings to finish the process.

Report this User

Report this user for behavior that violates our Community Guidelines.

Details: